Macey's mess / (Record no. 9671)
[ view plain ]
| 000 -LEADER | |
|---|---|
| fixed length control field | 01338nam a22003017a 4500 |
| 001 - CONTROL NUMBER | |
| control field | 9671 |
| 003 - CONTROL NUMBER IDENTIFIER | |
| control field | FISKH |
| 005 - DATE AND TIME OF LATEST TRANSACTION | |
| control field | 20260128160858.0 |
| 008 - FIXED-LENGTH DATA ELEMENTS--GENERAL INFORMATION | |
| fixed length control field | 260128b cb ||||| |||| 00| 0 eng d |
| 020 ## - INTERNATIONAL STANDARD BOOK NUMBER | |
| International Standard Book Number | 9780462001166 |
| 040 ## - CATALOGING SOURCE | |
| Original cataloging agency | FISKH |
| Language of cataloging | eng |
| Transcribing agency | FISKH |
| Modifying agency | FISKH |
| 050 ## - LIBRARY OF CONGRESS CALL NUMBER | |
| Classification number | PZ7 |
| 082 ## - DEWEY DECIMAL CLASSIFICATION NUMBER | |
| Classification number | 372.6 |
| 100 ## - MAIN ENTRY--PERSONAL NAME | |
| Personal name | Dane, Billy |
| Relator term | Author |
| 245 ## - TITLE STATEMENT | |
| Title | Macey's mess / |
| Statement of responsibility, etc. | Written by Billy Dane ; illustrated by Matt Wilson and Simon Barr |
| 250 ## - EDITION STATEMENT | |
| Edition statement | First published 2008 |
| 260 ## - PUBLICATION, DISTRIBUTION, ETC. | |
| Place of publication, distribution, etc. | London : |
| Name of publisher, distributor, etc. | Marshall Cavedish Limited , |
| Date of publication, distribution, etc. | 2008. |
| 300 ## - PHYSICAL DESCRIPTION | |
| Extent | 16 pages : |
| Other physical details | color illustrations ; |
| Dimensions | 19 cm . |
| 490 ## - SERIES STATEMENT | |
| Series statement | My Pals Are Here ! Reading Stars |
| Volume/sequential designation | 14a |
| 505 ## - FORMATTED CONTENTS NOTE | |
| Formatted contents note | K <br/><br/> |
| 520 ## - SUMMARY, ETC. | |
| Summary, etc. | Macey’s Mess follows a young child named Macey who gets into a playful mishap at home or school (depending on the story context). Through simple sentences and supportive illustrations, the book shows how Macey learns about taking responsibility, tidying up, and solving small problems. The story is written in easy, structured language to help early primary readers practice reading full sentences while engaging with a familiar and relatable scenario. |
| 521 8# - TARGET AUDIENCE NOTE | |
| Target audience note | 510 <br/> |
| Source | Lexile estimate <br/> |
| 521 8# - TARGET AUDIENCE NOTE | |
| Target audience note | K <br/> |
| Source | Raz-Plus <br/> |
| 650 ## - SUBJECT ADDED ENTRY--TOPICAL TERM | |
| Topical term or geographic name entry element | Responsibility |
| Form subdivision | Tidying up |
| 700 ## - ADDED ENTRY--PERSONAL NAME | |
| Personal name | Wilson, Matt |
| Relator term | Illustrator |
| 942 ## - ADDED ENTRY ELEMENTS (KOHA) | |
| Source of classification or shelving scheme | Dewey Decimal Classification |
| Koha item type | Books |
| Suppress in OPAC | No |
| Withdrawn status | Lost status | Source of classification or shelving scheme | Damaged status | Not for loan | Collection | Home library | Current library | Shelving location | Date acquired | Total Checkouts | Full call number | Barcode | Date last seen | Copy number | Price effective from | Koha item type |
|---|---|---|---|---|---|---|---|---|---|---|---|---|---|---|---|---|
| Dewey Decimal Classification | Juvenile Fiction | Footprints International School Library Network Toul Tom Poung Campus | Footprints International School Library Network Toul Tom Poung Campus | TTP Primary Dark Blue Bookshelves | 01/28/2026 | DAN 372.6 PZ7 | 2026-0186 | 01/28/2026 | 1 | 01/28/2026 | Books |
